<?xml version="1.0" encoding="UTF-8"?>
<collection xmlns="http://www.loc.gov/MARC21/slim">
 <record>
  <leader>00768pam a22002298a 4500</leader>
  <controlfield tag="001">00022725</controlfield>
  <controlfield tag="005">20171026081022.0</controlfield>
  <controlfield tag="008">110602s1997                  ||||||Viesd</controlfield>
  <datafield tag="041" ind1="0" ind2="#">
   <subfield code="a">Vie</subfield>
  </datafield>
  <datafield tag="082" ind1="1" ind2="4">
   <subfield code="a">796.41</subfield>
   <subfield code="b">PH561PH</subfield>
  </datafield>
  <datafield tag="100" ind1="0" ind2="#">
   <subfield code="a">Battista</subfield>
  </datafield>
  <datafield tag="245" ind1="0" ind2="0">
   <subfield code="a">Phương pháp tập tạ</subfield>
   <subfield code="b">Soạn theo tài liệu của Battista Hoa Kỳ</subfield>
   <subfield code="c">Battista; Hoàng Thanh soạn</subfield>
  </datafield>
  <datafield tag="260" ind1="#" ind2="#">
   <subfield code="a">Cà Mau</subfield>
   <subfield code="b">Mũi Cà Mau</subfield>
   <subfield code="c">1997</subfield>
  </datafield>
  <datafield tag="300" ind1="#" ind2="#">
   <subfield code="a">149 tr.</subfield>
   <subfield code="c">19 cm.</subfield>
  </datafield>
  <datafield tag="650" ind1="#" ind2="4">
   <subfield code="a">Cử tạ</subfield>
  </datafield>
  <datafield tag="650" ind1="#" ind2="4">
   <subfield code="a">Phương pháp</subfield>
  </datafield>
  <datafield tag="700" ind1="0" ind2="#">
   <subfield code="a">Hoàng Thanh</subfield>
   <subfield code="e">Soạn</subfield>
  </datafield>
  <datafield tag="852" ind1="#" ind2="#">
   <subfield code="b">Kho đọc</subfield>
   <subfield code="j">KD.0009666</subfield>
  </datafield>
  <datafield tag="852" ind1="#" ind2="#">
   <subfield code="j">KM.0012343</subfield>
   <subfield code="b">Kho mượn</subfield>
  </datafield>
  <datafield tag="852" ind1="#" ind2="#">
   <subfield code="j">KM.0012343</subfield>
   <subfield code="j">KD.0009666</subfield>
  </datafield>
  <datafield tag="910" ind1=" " ind2=" ">
   <subfield code="d">02/06/2011</subfield>
  </datafield>
  <datafield tag="980" ind1="#" ind2="#">
   <subfield code="a">Trung tâm Học liệu Lê Vũ Hùng, Trường Đại học Đồng Tháp</subfield>
  </datafield>
 </record>
</collection>
